| 000 | 00636cas a22002175a 4500 | ||
|---|---|---|---|
| 001 | L368 | ||
| 008 | 070712c1971 my qr p 0 a0eng | ||
| 022 | 1 | _a0127-4937 | |
| 035 | _a(Sirsi) u98990 | ||
| 041 | 0 | _aeng | |
| 110 | 2 |
_aInstitution of Surveyors Malaysia _9355 |
|
| 245 | 0 | 4 | _aThe Surveyor |
| 260 |
_aKuala Lumpur _bInstitution of Surveyors, Malaysia _c1971- |
||
| 362 | 0 | _a7(1) March 1971-32(1) First Quarter 1997 | |
| 554 | _aFour per year | ||
| 651 | 4 |
_aMalaysia _9403 |
|
| 690 | _aMANAGEMENT-BUSINESS MANAGEMENT-PROFESSIONAL PRACTICE | ||
| 780 | 0 | 0 | _tSurveyors' Quarterly Gazette |
| 942 | _n0 | ||
| 948 | _c25/01/1995 | ||
| 999 |
_c118610 _d118610 |
||